| 000 -LEADER |
| fixed length control field |
01577cam a2200349 a 4500 |
| 001 - CONTROL NUMBER |
| control field |
12581405 |
| 003 - CONTROL NUMBER IDENTIFIER |
| control field |
Nust |
| 005 - DATE AND TIME OF LATEST TRANSACTION |
| control field |
20170511114040.0 |
| 008 - FIXED-LENGTH DATA ELEMENTS--GENERAL INFORMATION |
| fixed length control field |
011105s2002 nyub 000 1 eng |
| 010 ## - LIBRARY OF CONGRESS CONTROL NUMBER |
| LC control number |
2001056123 |
| 020 ## - INTERNATIONAL STANDARD BOOK NUMBER |
| International Standard Book Number |
9780143028581 |
| 040 ## - CATALOGING SOURCE |
| Original cataloging agency |
DLC |
| Transcribing agency |
DLC |
| Modifying agency |
DLC |
| 043 ## - GEOGRAPHIC AREA CODE |
| Geographic area code |
a-ii--- |
| 050 00 - LIBRARY OF CONGRESS CALL NUMBER |
| Classification number |
PS3619.U53 |
| Item number |
T88 2002 |
| 082 00 - DEWEY DECIMAL CLASSIFICATION NUMBER |
| Classification number |
813.6 |
| Author Mark |
SUN |
| 100 1# - MAIN ENTRY--PERSONAL NAME |
| Personal name |
Sundaresan, Indu. |
| 9 (RLIN) |
410 |
| 245 14 - TITLE STATEMENT |
| Title |
The twentieth wife / |
| Statement of responsibility, etc. |
Indu Sundaresan. |
| 260 ## - PUBLICATION, DISTRIBUTION, ETC. |
| Place of publication, distribution, etc. |
New York : |
| Name of publisher, distributor, etc. |
Pocket Books, |
| Date of publication, distribution, etc. |
2002. |
| 300 ## - PHYSICAL DESCRIPTION |
| Extent |
xii, 388 p. : |
| Other physical details |
map ; |
| Dimensions |
24 cm. |
| 600 00 - SUBJECT ADDED ENTRY--PERSONAL NAME |
| Personal name |
Nūr Jahān, |
| Titles and other words associated with a name |
Empress, consort of Jahangir, Emperor of Hindustan, |
| Dates associated with a name |
-1645 |
| Form subdivision |
Fiction. |
| 9 (RLIN) |
411 |
| 600 00 - SUBJECT ADDED ENTRY--PERSONAL NAME |
| Personal name |
Jahangir, |
| Titles and other words associated with a name |
Emperor of Hindustan, |
| Dates associated with a name |
1569-1627 |
| Form subdivision |
Fiction. |
| 9 (RLIN) |
412 |
| 650 #0 - SUBJECT ADDED ENTRY--TOPICAL TERM |
| Topical term or geographic name entry element |
Empresses |
| Form subdivision |
Fiction. |
| 9 (RLIN) |
413 |
| 651 #0 - SUBJECT ADDED ENTRY--GEOGRAPHIC NAME |
| Geographic name |
India |
| General subdivision |
History |
| Chronological subdivision |
1526-1765 |
| Form subdivision |
Fiction. |
| 9 (RLIN) |
414 |
| 651 #0 - SUBJECT ADDED ENTRY--GEOGRAPHIC NAME |
| Geographic name |
Taj Mahal (Agra, India) |
| Form subdivision |
Fiction. |
| 9 (RLIN) |
415 |
| 655 #7 - INDEX TERM--GENRE/FORM |
| Genre/form data or focus term |
Biographical fiction. |
| Source of term |
gsafd |
| 9 (RLIN) |
416 |
| 655 #7 - INDEX TERM--GENRE/FORM |
| Genre/form data or focus term |
Love stories. |
| Source of term |
gsafd |
| 9 (RLIN) |
418 |
| 856 42 - ELECTRONIC LOCATION AND ACCESS |
| Materials specified |
Contributor biographical information |
| Uniform Resource Identifier |
<a href="http://www.loc.gov/catdir/bios/simon052/2001056123.html">http://www.loc.gov/catdir/bios/simon052/2001056123.html</a> |
| 856 42 - ELECTRONIC LOCATION AND ACCESS |
| Materials specified |
Publisher description |
| Uniform Resource Identifier |
<a href="http://www.loc.gov/catdir/description/simon031/2001056123.html">http://www.loc.gov/catdir/description/simon031/2001056123.html</a> |
| 856 41 - ELECTRONIC LOCATION AND ACCESS |
| Materials specified |
Sample text |
| Uniform Resource Identifier |
<a href="http://www.loc.gov/catdir/enhancements/fy0645/2001056123-s.html">http://www.loc.gov/catdir/enhancements/fy0645/2001056123-s.html</a> |
| 906 ## - LOCAL DATA ELEMENT F, LDF (RLIN) |
| a |
7 |
| b |
cbc |
| c |
orignew |
| d |
1 |
| e |
ocip |
| f |
20 |
| g |
y-gencatlg |
| 942 ## - ADDED ENTRY ELEMENTS (KOHA) |
| Source of classification or shelving scheme |
|
| Koha item type |
Book |